[Event "ODJM B 2024"]
[Site "Willingen GER"]
[Date "2024.05.23"]
[Round "7"]
[White "Langer, Paul Georg"]
[Black "Tomi, Emilian"]
[Result "1-0"]
[Termination "normal"]
[Board "4"]
[WhiteElo "1882"]
[BlackElo "1649"]
[WhiteClock "00:10:43"]
[BlackClock "00:10:29"]
[PlyCount "67"]
[WhiteFideId "16230051"]
[BlackFideId "34651829"]
[EventCountry "GER"]
[EventRounds "9"]
[EventType "swiss"]
[EventDate "2024.05.18"]

1. d4 {[%clk 01:30:59]} {[%emt 00:00:01]} Nf6 {[%clk 01:30:56]} {[%emt
00:00:04]} 2. Bf4 {[%clk 01:31:21]} {[%emt 00:00:08]} e6 {[%clk 01:31:17]}
{[%emt 00:00:09]} 3. e3 {[%clk 01:31:42]} {[%emt 00:00:09]} c5 {[%clk
01:31:41]} {[%emt 00:00:07]} 4. Nf3 {[%clk 01:31:59]} {[%emt 00:00:12]} Nc6
{[%clk 01:31:51]} {[%emt 00:00:21]} 5. c3 {[%clk 01:32:04]} {[%emt 00:00:24]}
d5 {[%clk 01:31:36]} {[%emt 00:00:45]} 6. Nbd2 {[%clk 01:32:18]} {[%emt
00:00:16]} h6 {[%clk 01:31:43]} {[%emt 00:00:23]} 7. Bd3 {[%clk 01:31:21]}
{[%emt 00:01:26]} Be7 {[%clk 01:31:05]} {[%emt 00:01:09]} 8. h3 {[%clk
01:31:27]} {[%emt 00:00:23]} Bd7 {[%clk 01:28:59]} {[%emt 00:02:37]} 9. O-O
{[%clk 01:30:49]} {[%emt 00:01:08]} O-O {[%clk 01:29:14]} {[%emt 00:00:15]} 10.
Ne5 {[%clk 01:28:32]} {[%emt 00:02:47]} Rc8 {[%clk 01:25:27]} {[%emt 00:04:17]}
11. Bh2 {[%clk 01:20:28]} {[%emt 00:08:34]} Qb6 {[%clk 01:17:57]} {[%emt
00:08:01]} 12. Rb1 {[%clk 01:13:16]} {[%emt 00:07:41]} cxd4 {[%clk 01:00:40]}
{[%emt 00:17:48]} 13. exd4 {[%clk 01:11:02]} {[%emt 00:02:43]} Na5 {[%clk
01:00:55]} {[%emt 00:00:16]} 14. Nxd7 {[%clk 01:05:08]} {[%emt 00:06:23]} Nxd7
{[%clk 01:01:04]} {[%emt 00:00:22]} 15. f4 {[%clk 01:03:17]} {[%emt 00:02:20]}
Nc4 {[%clk 00:54:02]} {[%emt 00:07:32]} 16. Nxc4 {[%clk 00:57:59]} {[%emt
00:05:48]} dxc4 {[%clk 00:54:23]} {[%emt 00:00:09]} 17. Bc2 {[%clk 00:58:18]}
{[%emt 00:00:11]} Nf6 {[%clk 00:50:27]} {[%emt 00:04:26]} 18. f5 {[%clk
00:52:40]} {[%emt 00:06:08]} Bd6 {[%clk 00:47:57]} {[%emt 00:03:00]} 19. Bxd6
{[%clk 00:40:33]} {[%emt 00:12:37]} Qxd6 {[%clk 00:48:20]} {[%emt 00:00:07]}
20. fxe6 {[%clk 00:40:47]} {[%emt 00:00:16]} Qxe6 {[%clk 00:48:43]} {[%emt
00:00:07]} 21. Qf3 {[%clk 00:40:09]} {[%emt 00:01:08]} Qd5 {[%clk 00:31:56]}
{[%emt 00:17:17]} 22. Qxd5 {[%clk 00:38:55]} {[%emt 00:01:44]} Nxd5 {[%clk
00:32:20]} {[%emt 00:00:06]} 23. Be4 {[%clk 00:37:40]} {[%emt 00:01:45]} Nf6
{[%clk 00:24:36]} {[%emt 00:08:14]} 24. Bxb7 {[%clk 00:36:11]} {[%emt
00:01:59]} Rb8 {[%clk 00:25:00]} {[%emt 00:00:06]} 25. Bf3 {[%clk 00:33:51]}
{[%emt 00:02:50]} Rb6 {[%clk 00:25:09]} {[%emt 00:00:21]} 26. b4 {[%clk
00:27:12]} {[%emt 00:07:09]} g5 {[%clk 00:20:03]} {[%emt 00:05:36]} 27. b5
{[%clk 00:18:29]} {[%emt 00:09:12]} a6 {[%clk 00:12:30]} {[%emt 00:08:04]} 28.
a4 {[%clk 00:16:58]} {[%emt 00:02:01]} Re8 {[%clk 00:12:13]} {[%emt 00:00:47]}
29. Bc6 {[%clk 00:10:37]} {[%emt 00:06:51]} Re6 {[%clk 00:11:48]} {[%emt
00:00:55]} 30. d5 {[%clk 00:10:54]} {[%emt 00:00:13]} Rd6 {[%clk 00:11:52]}
{[%emt 00:00:26]} 31. a5 {[%clk 00:11:10]} {[%emt 00:00:14]} Rxb5 {[%clk
00:09:54]} {[%emt 00:02:28]} 32. Bxb5 {[%clk 00:10:59]} {[%emt 00:00:41]} axb5
{[%clk 00:10:17]} {[%emt 00:00:06]} 33. Rxb5 {[%clk 00:10:37]} {[%emt
00:00:52]} Nxd5 {[%clk 00:10:29]} {[%emt 00:00:19]} 34. Rd1 {[%clk 00:10:43]}
{[%emt 00:00:24]} 1-0

[Event "ODJM B 2024"]
[Site "Willingen GER"]
[Date "2024.05.23"]
[Round "7"]
[White "Lampe, Finn"]
[Black "Lieb, Max"]
[Result "1-0"]
[Termination "normal"]
[Board "5"]
[WhiteElo "1688"]
[BlackElo "1662"]
[WhiteClock "00:12:41"]
[BlackClock "00:00:55"]
[PlyCount "63"]
[WhiteFideId "34683437"]
[BlackFideId "34630651"]
[EventCountry "GER"]
[EventRounds "9"]
[EventType "swiss"]
[EventDate "2024.05.18"]

1. e4 {[%clk 01:30:49]} {[%emt 00:00:10]} c5 {[%clk 01:30:47]} {[%emt
00:00:13]} 2. Nf3 {[%clk 01:30:15]} {[%emt 00:01:03]} Nc6 {[%clk 01:31:09]}
{[%emt 00:00:09]} 3. c3 {[%clk 01:28:52]} {[%emt 00:01:53]} d5 {[%clk
01:31:28]} {[%emt 00:00:11]} 4. exd5 {[%clk 01:29:12]} {[%emt 00:00:10]} Qxd5
{[%emt 00:00:07]} 5. d4 {[%clk 01:29:35]} {[%emt 00:00:06]} Nf6 {[%clk
01:32:15]} {[%emt 00:00:07]} 6. Be2 {[%clk 01:29:42]} {[%emt 00:00:23]} e6
{[%clk 01:32:36]} {[%emt 00:00:10]} 7. O-O {[%clk 01:29:49]} {[%emt 00:00:22]}
cxd4 {[%clk 01:32:10]} {[%emt 00:00:57]} 8. cxd4 {[%clk 01:30:08]} {[%emt
00:00:10]} Be7 {[%clk 01:32:19]} {[%emt 00:00:21]} 9. Nc3 {[%clk 01:29:45]}
{[%emt 00:00:54]} Qd6 {[%clk 01:32:10]} {[%emt 00:00:39]} 10. Bb5 {[%clk
01:20:49]} {[%emt 00:09:26]} O-O {[%clk 01:31:16]} {[%emt 00:01:24]} 11. Qa4
{[%clk 01:17:08]} {[%emt 00:04:10]} Nb4 {[%clk 01:06:26]} {[%emt 00:25:21]} 12.
a3 {[%clk 01:14:02]} {[%emt 00:03:36]} Nbd5 {[%clk 01:06:31]} {[%emt 00:00:24]}
13. Bg5 {[%clk 01:06:40]} {[%emt 00:07:52]} Nxc3 {[%clk 00:51:19]} {[%emt
00:15:42]} 14. bxc3 {[%clk 01:06:43]} {[%emt 00:00:27]} Nd5 {[%clk 00:51:31]}
{[%emt 00:00:18]} 15. Bxe7 {[%clk 01:05:19]} {[%emt 00:01:54]} Qxe7 {[%clk
00:51:01]} {[%emt 00:00:59]} 16. Rfc1 {[%clk 00:58:43]} {[%emt 00:07:07]} Rd8
{[%clk 00:38:14]} {[%emt 00:13:17]} 17. Ne5 {[%clk 00:52:39]} {[%emt 00:06:35]}
f6 {[%clk 00:34:37]} {[%emt 00:04:06]} 18. Nf3 {[%clk 00:50:47]} {[%emt
00:02:21]} Bd7 {[%clk 00:29:50]} {[%emt 00:05:17]} 19. c4 {[%clk 00:47:03]}
{[%emt 00:04:15]} Nf4 {[%clk 00:24:11]} {[%emt 00:06:09]} 20. Rc2 {[%clk
00:43:07]} {[%emt 00:04:24]} a6 {[%clk 00:24:00]} {[%emt 00:00:44]} 21. Bxd7
{[%clk 00:43:05]} {[%emt 00:00:31]} Qxd7 {[%clk 00:23:59]} {[%emt 00:00:31]}
22. Qb3 {[%clk 00:39:34]} {[%emt 00:04:01]} b5 {[%clk 00:21:23]} {[%emt
00:03:07]} 23. c5 {[%clk 00:39:17]} {[%emt 00:00:46]} Qd5 {[%clk 00:20:41]}
{[%emt 00:01:11]} 24. Qe3 {[%clk 00:35:11]} {[%emt 00:04:34]} Ng6 {[%clk
00:16:07]} {[%emt 00:05:07]} 25. c6 {[%clk 00:28:29]} {[%emt 00:07:12]} Rac8
{[%clk 00:15:22]} {[%emt 00:01:15]} 26. Rc5 {[%clk 00:27:02]} {[%emt 00:01:57]}
Qd6 {[%clk 00:14:35]} {[%emt 00:01:17]} 27. Rac1 {[%clk 00:26:20]} {[%emt
00:01:11]} Ne7 {[%clk 00:14:20]} {[%emt 00:00:45]} 28. Qc3 {[%clk 00:25:52]}
{[%emt 00:00:58]} Rc7 {[%clk 00:11:23]} {[%emt 00:03:26]} 29. Qa5 {[%clk
00:24:12]} {[%emt 00:02:11]} Rdc8 {[%clk 00:10:23]} {[%emt 00:01:31]} 30. Qxa6
{[%clk 00:22:47]} {[%emt 00:01:55]} Rxc6 {[%clk 00:08:15]} {[%emt 00:02:38]}
31. Qxb5 {[%clk 00:22:06]} {[%emt 00:01:11]} R8c7 {[%clk 00:00:55]} {[%emt
00:07:50]} 32. h3 {[%clk 00:12:41]} {[%emt 00:09:54]} 1-0

[Event "ODJM B 2024"]
[Site "Willingen GER"]
[Date "2024.05.23"]
[Round "7"]
[White "Wildermuth, Nikolas Karl"]
[Black "Walter, Richard"]
[Result "0-1"]
[Termination "normal"]
[Board "6"]
[WhiteElo "1777"]
[BlackElo "1719"]
[WhiteClock "00:14:39"]
[BlackClock "00:48:27"]
[PlyCount "84"]
[WhiteFideId "16244699"]
[BlackFideId "34620028"]
[EventCountry "GER"]
[EventRounds "9"]
[EventType "swiss"]
[EventDate "2024.05.18"]

1. e4 {[%clk 01:30:56]} {[%emt 00:00:02]} c6 {[%clk 01:30:56]} {[%emt
00:00:05]} 2. c4 {[%clk 01:31:12]} {[%emt 00:00:14]} d5 {[%clk 01:31:20]}
{[%emt 00:00:06]} 3. exd5 {[%clk 01:31:37]} {[%emt 00:00:05]} cxd5 {[%clk
01:31:46]} {[%emt 00:00:04]} 4. cxd5 {[%clk 01:32:00]} {[%emt 00:00:08]} Nf6
{[%clk 01:32:13]} {[%emt 00:00:03]} 5. Bb5+ {[%clk 01:32:22]} {[%emt 00:00:08]}
Nbd7 {[%clk 01:31:45]} {[%emt 00:00:58]} 6. Nc3 {[%clk 01:32:40]} {[%emt
00:00:11]} g6 {[%clk 01:31:33]} {[%emt 00:00:42]} 7. Nf3 {[%clk 01:32:54]}
{[%emt 00:00:15]} Bg7 {[%clk 01:31:54]} {[%emt 00:00:10]} 8. d4 {[%clk
01:31:40]} {[%emt 00:01:44]} O-O {[%clk 01:31:38]} {[%emt 00:00:46]} 9. d6
{[%clk 01:30:53]} {[%emt 00:01:17]} exd6 {[%clk 01:31:07]} {[%emt 00:01:01]}
10. O-O {[%clk 01:30:17]} {[%emt 00:01:06]} a6 {[%clk 01:31:02]} {[%emt
00:00:36]} 11. Bc4 {[%clk 01:29:09]} {[%emt 00:01:37]} b5 {[%clk 01:30:55]}
{[%emt 00:00:37]} 12. Bb3 {[%clk 01:28:59]} {[%emt 00:00:40]} Nb6 {[%clk
01:30:44]} {[%emt 00:00:41]} 13. a3 {[%clk 01:27:37]} {[%emt 00:01:52]} Bb7
{[%clk 01:29:09]} {[%emt 00:02:06]} 14. Bg5 {[%clk 01:26:18]} {[%emt 00:01:48]}
h6 {[%clk 01:28:36]} {[%emt 00:01:02]} 15. Be3 {[%clk 01:22:59]} {[%emt
00:03:50]} Nfd5 {[%clk 01:28:09]} {[%emt 00:00:57]} 16. Qd3 {[%clk 01:18:06]}
{[%emt 00:05:23]} Nxc3 {[%clk 01:27:58]} {[%emt 00:00:42]} 17. bxc3 {[%clk
01:18:05]} {[%emt 00:00:30]} Bxf3 {[%clk 01:28:20]} {[%emt 00:00:09]} 18. gxf3
{[%clk 01:18:25]} {[%emt 00:00:09]} d5 {[%clk 01:28:05]} {[%emt 00:00:45]} 19.
Kh1 {[%clk 01:15:04]} {[%emt 00:03:51]} f5 {[%clk 01:27:30]} {[%emt 00:01:06]}
20. Rg1 {[%clk 01:13:36]} {[%emt 00:01:57]} Rf6 {[%clk 01:25:27]} {[%emt
00:02:33]} 21. Bf4 {[%clk 01:07:54]} {[%emt 00:06:12]} Re6 {[%clk 01:20:19]}
{[%emt 00:05:38]} 22. Rg2 {[%clk 00:59:59]} {[%emt 00:08:24]} Ra7 {[%clk
01:13:45]} {[%emt 00:07:05]} 23. Rag1 {[%clk 00:56:03]} {[%emt 00:04:26]} Qe8
{[%clk 01:11:53]} {[%emt 00:02:22]} 24. Be5 {[%clk 00:50:33]} {[%emt 00:06:01]}
Nc4 {[%clk 01:10:19]} {[%emt 00:02:04]} 25. f4 {[%clk 00:49:56]} {[%emt
00:01:06]} Kh7 {[%clk 01:08:32]} {[%emt 00:02:17]} 26. h4 {[%clk 00:45:52]}
{[%emt 00:04:34]} h5 {[%clk 01:07:25]} {[%emt 00:01:37]} 27. Qd1 {[%clk
00:36:26]} {[%emt 00:09:55]} Qd8 {[%clk 01:03:52]} {[%emt 00:04:04]} 28. Bc2
{[%clk 00:32:54]} {[%emt 00:04:02]} Nxe5 {[%clk 00:58:06]} {[%emt 00:06:16]}
29. fxe5 {[%clk 00:31:53]} {[%emt 00:01:30]} Qxh4+ {[%clk 00:58:03]} {[%emt
00:00:33]} 30. Rh2 {[%clk 00:32:18]} {[%emt 00:00:05]} Qf4 {[%clk 00:58:02]}
{[%emt 00:00:32]} 31. Qb1 {[%clk 00:22:32]} {[%emt 00:10:16]} Qf3+ {[%clk
00:56:32]} {[%emt 00:02:00]} 32. Rgg2 {[%clk 00:22:44]} {[%emt 00:00:18]} Rf7
{[%clk 00:55:24]} {[%emt 00:01:38]} 33. Bb3 {[%clk 00:16:34]} {[%emt 00:06:39]}
Rd7 {[%clk 00:44:21]} {[%emt 00:11:33]} 34. Bc2 {[%clk 00:16:26]} {[%emt
00:00:39]} Bh6 {[%clk 00:42:39]} {[%emt 00:02:12]} 35. a4 {[%clk 00:13:20]}
{[%emt 00:03:37]} Rb7 {[%clk 00:38:38]} {[%emt 00:04:30]} 36. Kg1 {[%clk
00:10:54]} {[%emt 00:02:55]} Ree7 {[%clk 00:35:09]} {[%emt 00:04:00]} 37. Qa2
{[%clk 00:05:29]} {[%emt 00:05:55]} Qxc3 {[%clk 00:28:10]} {[%emt 00:07:28]}
38. Rg3 {[%clk 00:05:47]} {[%emt 00:00:13]} Qxd4 {[%clk 00:26:01]} {[%emt
00:02:39]} 39. axb5 {[%clk 00:03:10]} {[%emt 00:03:07]} Bf4 {[%clk 00:22:42]}
{[%emt 00:03:49]} 40. Qxa6 {[%clk 00:01:23]} {[%emt 00:02:17]} Qb6 {[%clk
00:17:54]} {[%emt 00:05:17]} 41. Rxh5+ {[%clk 00:16:32]} {[%emt 00:15:21]} gxh5
{[%clk 00:48:05]} {[%emt 00:00:19]} 42. Bxf5+ {[%clk 00:14:39]} {[%emt
00:02:24]} Kh8 {[%clk 00:48:27]} {[%emt 00:00:08]} 0-1

[Event "ODJM B 2024"]
[Site "Willingen GER"]
[Date "2024.05.23"]
[Round "7"]
[White "Frydel, Marcel"]
[Black "Schönherr, Stijn"]
[Result "1-0"]
[Termination "normal"]
[Board "7"]
[WhiteElo "1692"]
[BlackElo "1601"]
[WhiteClock "00:26:51"]
[BlackClock "00:28:19"]
[PlyCount "85"]
[WhiteFideId "16245733"]
[BlackFideId "34611622"]
[EventCountry "GER"]
[EventRounds "9"]
[EventType "swiss"]
[EventDate "2024.05.18"]

1. e4 {[%clk 01:30:55]} {[%emt 00:00:04]} e6 {[%clk 01:30:54]} {[%emt
00:00:07]} 2. d4 {[%clk 01:31:21]} {[%emt 00:00:04]} d5 {[%clk 01:31:21]}
{[%emt 00:00:04]} 3. Nc3 {[%clk 01:31:45]} {[%emt 00:00:05]} dxe4 {[%clk
01:31:49]} {[%emt 00:00:02]} 4. Nxe4 {[%clk 01:32:08]} {[%emt 00:00:07]} Nd7
{[%clk 01:32:13]} {[%emt 00:00:06]} 5. Nf3 {[%clk 01:31:40]} {[%emt 00:00:58]}
Ngf6 {[%clk 01:32:32]} {[%emt 00:00:11]} 6. Bg5 {[%clk 01:31:33]} {[%emt
00:00:36]} h6 {[%clk 01:32:23]} {[%emt 00:00:40]} 7. Nxf6+ {[%emt 00:00:25]}
Nxf6 {[%clk 01:32:30]} {[%emt 00:00:19]} 8. Bxf6 {[%clk 01:27:17]} {[%emt
00:04:55]} Qxf6 {[%clk 01:32:50]} {[%emt 00:00:10]} 9. Bb5+ {[%clk 01:19:18]}
{[%emt 00:08:30]} c6 {[%clk 01:22:32]} {[%emt 00:10:47]} 10. Bd3 {[%clk
01:12:29]} {[%emt 00:07:18]} Bd6 {[%clk 01:20:32]} {[%emt 00:02:28]} 11. c3
{[%clk 01:11:25]} {[%emt 00:01:36]} O-O {[%clk 01:19:56]} {[%emt 00:01:07]} 12.
O-O {[%clk 01:07:34]} {[%emt 00:04:20]} e5 {[%clk 01:13:20]} {[%emt 00:07:06]}
13. dxe5 {[%clk 01:04:26]} {[%emt 00:03:38]} Bxe5 {[%clk 01:11:32]} {[%emt
00:02:19]} 14. Nxe5 {[%clk 01:04:48]} {[%emt 00:00:08]} Qxe5 {[%clk 01:11:53]}
{[%emt 00:00:08]} 15. Re1 {[%clk 01:04:33]} {[%emt 00:00:45]} Qg5 {[%clk
01:10:45]} {[%emt 00:01:38]} 16. Qf3 {[%clk 01:01:43]} {[%emt 00:03:20]} Be6
{[%clk 01:10:09]} {[%emt 00:01:02]} 17. Qe4 {[%clk 00:50:28]} {[%emt 00:11:50]}
g6 {[%clk 01:07:32]} {[%emt 00:03:06]} 18. f4 {[%clk 00:44:52]} {[%emt
00:06:06]} Qc5+ {[%clk 01:05:06]} {[%emt 00:02:54]} 19. Qe3 {[%clk 00:43:40]}
{[%emt 00:01:45]} Qb6 {[%clk 01:04:52]} {[%emt 00:00:44]} 20. Bxg6 {[%clk
00:40:46]} {[%emt 00:03:24]} fxg6 {[%clk 00:46:24]} {[%emt 00:18:57]} 21. Qxb6
{[%clk 00:39:51]} {[%emt 00:01:25]} axb6 {[%clk 00:46:48]} {[%emt 00:00:06]}
22. Rxe6 {[%clk 00:40:16]} {[%emt 00:00:04]} Kf7 {[%clk 00:47:09]} {[%emt
00:00:10]} 23. Re4 {[%clk 00:36:12]} {[%emt 00:04:34]} Rfe8 {[%clk 00:42:22]}
{[%emt 00:05:17]} 24. Rxe8 {[%clk 00:34:03]} {[%emt 00:02:39]} Rxe8 {[%clk
00:41:28]} {[%emt 00:01:24]} 25. Kf2 {[%clk 00:34:23]} {[%emt 00:00:10]} Kf6
{[%clk 00:41:03]} {[%emt 00:00:54]} 26. Rd1 {[%clk 00:32:05]} {[%emt 00:02:49]}
Re7 {[%clk 00:38:14]} {[%emt 00:03:19]} 27. Rd6+ {[%clk 00:31:34]} {[%emt
00:01:01]} Re6 {[%clk 00:35:49]} {[%emt 00:02:55]} 28. Rxe6+ {[%clk 00:29:58]}
{[%emt 00:02:06]} Kxe6 {[%clk 00:36:10]} {[%emt 00:00:09]} 29. g4 {[%clk
00:30:21]} {[%emt 00:00:07]} c5 {[%clk 00:34:34]} {[%emt 00:02:06]} 30. Ke3
{[%clk 00:29:43]} {[%emt 00:01:08]} b5 {[%clk 00:29:29]} {[%emt 00:05:35]} 31.
Ke4 {[%clk 00:29:23]} {[%emt 00:00:51]} h5 {[%clk 00:26:33]} {[%emt 00:03:25]}
32. h3 {[%clk 00:29:02]} {[%emt 00:00:51]} b6 {[%clk 00:26:02]} {[%emt
00:01:00]} 33. b4 {[%clk 00:27:26]} {[%emt 00:02:07]} c4 {[%clk 00:26:02]}
{[%emt 00:00:30]} 34. a3 {[%clk 00:27:22]} {[%emt 00:00:34]} h4 {[%clk
00:26:14]} {[%emt 00:00:18]} 35. f5+ {[%clk 00:27:17]} {[%emt 00:00:35]} gxf5+
{[%clk 00:26:33]} {[%emt 00:00:10]} 36. gxf5+ {[%clk 00:27:43]} {[%emt
00:00:04]} Kf6 {[%clk 00:26:53]} {[%emt 00:00:10]} 37. Kf4 {[%clk 00:28:01]}
{[%emt 00:00:13]} Kf7 {[%clk 00:27:00]} {[%emt 00:00:23]} 38. Ke5 {[%clk
00:28:06]} {[%emt 00:00:24]} Ke7 {[%clk 00:27:21]} {[%emt 00:00:09]} 39. f6+
{[%clk 00:28:30]} {[%emt 00:00:07]} Kf7 {[%clk 00:27:41]} {[%emt 00:00:10]} 40.
Kf5 {[%clk 00:28:47]} {[%emt 00:00:13]} Kf8 {[%clk 00:27:57]} {[%emt 00:00:14]}
41. Kg4 {[%clk 00:26:23]} {[%emt 00:02:54]} Kf7 {[%clk 00:28:01]} {[%emt
00:00:25]} 42. Kg5 {[%clk 00:26:29]} {[%emt 00:00:24]} Kf8 {[%clk 00:28:19]}
{[%emt 00:00:12]} 43. Kxh4 {[%clk 00:26:51]} {[%emt 00:00:08]} 1-0

[Event "ODJM B 2024"]
[Site "Willingen GER"]
[Date "2024.05.23"]
[Round "7"]
[White "Kelembet, Artem"]
[Black "Uhlmann, Jonas"]
[Result "0-1"]
[Termination "normal"]
[Board "8"]
[WhiteElo "1654"]
[BlackElo "1842"]
[WhiteClock "00:22:17"]
[BlackClock "01:01:11"]
[PlyCount "64"]
[WhiteFideId "34684727"]
[BlackFideId "16258576"]
[EventCountry "GER"]
[EventRounds "9"]
[EventType "swiss"]
[EventDate "2024.05.18"]

1. Nf3 {[%clk 01:30:59]} {[%emt 02:33:16]} Nf6 {[%clk 01:30:55]} {[%emt
00:00:05]} 2. d4 {[%clk 01:31:24]} {[%emt 00:00:04]} e6 {[%clk 01:31:18]}
{[%emt 00:00:06]} 3. c4 {[%clk 01:31:34]} {[%emt 00:00:22]} b6 {[%clk
01:31:43]} {[%emt 00:00:05]} 4. g3 {[%clk 01:31:51]} {[%emt 00:00:13]} Bb7
{[%clk 01:32:08]} {[%emt 00:00:05]} 5. Bg2 {[%clk 01:32:17]} {[%emt 00:00:05]}
Be7 {[%clk 01:32:31]} {[%emt 00:00:06]} 6. O-O {[%clk 01:32:19]} {[%emt
00:00:28]} O-O {[%clk 01:32:55]} {[%emt 00:00:06]} 7. Nc3 {[%clk 01:32:33]}
{[%emt 00:00:16]} d5 {[%clk 01:32:06]} {[%emt 00:01:19]} 8. Ne5 {[%clk
01:32:02]} {[%emt 00:01:00]} Na6 {[%clk 01:31:11]} {[%emt 00:01:26]} 9. Bg5
{[%clk 01:13:02]} {[%emt 00:19:30]} c5 {[%clk 01:30:05]} {[%emt 00:01:36]} 10.
e3 {[%clk 01:12:18]} {[%emt 00:01:14]} Rc8 {[%clk 01:27:51]} {[%emt 00:02:45]}
11. Qa4 {[%clk 01:07:53]} {[%emt 00:04:53]} Qc7 {[%clk 01:24:34]} {[%emt
00:03:49]} 12. Nb5 {[%clk 01:06:19]} {[%emt 00:02:04]} Qd8 {[%clk 01:20:22]}
{[%emt 00:04:41]} 13. Nxa7 {[%clk 01:06:12]} {[%emt 00:00:37]} Ra8 {[%clk
01:18:50]} {[%emt 00:02:03]} 14. Nac6 {[%clk 01:05:16]} {[%emt 00:01:26]} Qc7
{[%clk 01:15:19]} {[%emt 00:04:00]} 15. Qb5 {[%clk 01:04:09]} {[%emt 00:01:36]}
Bd6 {[%clk 01:15:00]} {[%emt 00:00:50]} 16. b4 {[%clk 00:57:40]} {[%emt
00:07:00]} Ne4 {[%clk 01:12:58]} {[%emt 00:02:31]} 17. bxc5 {[%clk 00:54:17]}
{[%emt 00:03:52]} bxc5 {[%clk 01:12:19]} {[%emt 00:01:10]} 18. Bd8 {[%clk
00:52:00]} {[%emt 00:02:47]} Rfxd8 {[%clk 01:09:00]} {[%emt 00:03:49]} 19. Nxd8
{[%clk 00:52:21]} {[%emt 00:00:09]} Rxd8 {[%clk 01:09:23]} {[%emt 00:00:07]}
20. Rab1 {[%clk 00:48:49]} {[%emt 00:04:02]} Nb4 {[%clk 01:07:36]} {[%emt
00:02:16]} 21. Bxe4 {[%clk 00:48:20]} {[%emt 00:01:00]} Bxe5 {[%clk 01:03:29]}
{[%emt 00:04:38]} 22. Bxd5 {[%clk 00:33:25]} {[%emt 00:15:24]} exd5 {[%clk
01:02:26]} {[%emt 00:01:34]} 23. dxc5 {[%clk 00:30:44]} {[%emt 00:03:11]} Bc3
{[%clk 01:02:10]} {[%emt 00:00:46]} 24. Rfc1 {[%clk 00:28:06]} {[%emt
00:03:07]} Bc6 {[%clk 01:01:11]} {[%emt 00:01:29]} 25. Qb6 {[%clk 00:27:32]}
{[%emt 00:01:04]} Qxb6 {[%clk 01:01:33]} {[%emt 00:00:09]} 26. cxb6 {[%clk
00:27:50]} {[%emt 00:00:11]} Bd2 {[%clk 01:01:45]} {[%emt 00:00:19]} 27. Rd1
{[%clk 00:27:59]} {[%emt 00:00:20]} dxc4 {[%clk 01:00:56]} {[%emt 00:01:19]}
28. Rxb4 {[%clk 00:27:41]} {[%emt 00:00:48]} c3 {[%clk 01:00:48]} {[%emt
00:00:38]} 29. Rc4 {[%clk 00:26:15]} {[%emt 00:01:56]} Rc8 {[%clk 01:00:25]}
{[%emt 00:00:53]} 30. Rxd2 {[%clk 00:25:12]} {[%emt 00:01:32]} cxd2 {[%clk
01:00:31]} {[%emt 00:00:25]} 31. Rd4 {[%clk 00:25:30]} {[%emt 00:00:11]} Bf3
{[%clk 01:00:46]} {[%emt 00:00:16]} 32. Rxd2 {[%clk 00:22:17]} {[%emt
00:03:43]} Rc1+ {[%clk 01:01:11]} {[%emt 00:00:06]} 0-1